<?xml version="1.0" encoding="UTF-8"?>
<record
    xmlns:xsi="http://www.w3.org/2001/XMLSchema-instance"
    xsi:schemaLocation="http://www.loc.gov/MARC21/slim http://www.loc.gov/standards/marcxml/schema/MARC21slim.xsd"
    xmlns="http://www.loc.gov/MARC21/slim">

  <leader>03059nam a2200397   4500</leader>
  <controlfield tag="003">PE-LiUPU</controlfield>
  <controlfield tag="005">20250731184541.0</controlfield>
  <controlfield tag="008">210922n                      000 0 eng u</controlfield>
  <datafield tag="035" ind1=" " ind2=" ">
    <subfield code="a">(Sirsi) a252899</subfield>
  </datafield>
  <datafield tag="082" ind1="0" ind2="4">
    <subfield code="a">985.033</subfield>
    <subfield code="b">H44</subfield>
  </datafield>
  <datafield tag="100" ind1="1" ind2=" ">
    <subfield code="a">Herrera Lima, Enrique Vidal,</subfield>
    <subfield code="e">autor</subfield>
  </datafield>
  <datafield tag="245" ind1="1" ind2="0">
    <subfield code="a">Holocausto de los T&#xFA;pac Amaru 1780 /</subfield>
    <subfield code="c">Enrique Vidal Herrera Lima.</subfield>
  </datafield>
  <datafield tag="300" ind1=" " ind2=" ">
    <subfield code="a">411 p&#xE1;ginas :</subfield>
    <subfield code="b">ilustrado, fotos a color, retratos, mapas ;</subfield>
    <subfield code="c">29 cent&#xED;metros</subfield>
  </datafield>
  <datafield tag="505" ind1="0" ind2=" ">
    <subfield code="a">Algunos levantamientos precursores. -Causas de la rebeli&#xF3;n del inca T&#xFA;pac Amaru. -Genealog&#xED;a del inca T&#xFA;pac Amaru. -Marquesado de Oropesa. -Sistema e trabajo comunitario incaico y de explotaci&#xF3;n colonial. -Biograf&#xED;a del inca T&#xFA;pac Amaru (Jos&#xE9; Gabriel Condorcanqui Noguera). -Preparaci&#xF3;n y viaje antes de la rebeli&#xF3;n. -Los blancos y el ej&#xE9;rcito del inca T&#xFA;pac Amaru, circulo &#xED;ntimo. -Primera etapa de la rebeli&#xF3;n. -Propagaci&#xF3;n de la rebeli&#xF3;n en el altiplano pune&#xF1;o. -Campa&#xF1;a del Cusco: sitio - retirada - persecuci&#xF3;n. -Campa&#xF1;as de Paruro - Cotabambas - Antabamba - Aymaraes. Campa&#xF1;a del Vilcanota por el general Del Valle: enero - febrero - marzo de 1781. -Confianza errada del inca T&#xFA;pac Amaru. -Prisi&#xF3;n del inca - torturas - ataque de Diego Crist&#xF3;bal a Layo - Langui. -Nobleza y altivez del inca T&#xFA;pac Amaru en el proceso. -Sentencia a muerte del inca T&#xFA;pac Amaru, su familia y dem&#xE1;s l&#xED;deres. -Segunda etapa de la rebeli&#xF3;n: Diego Crist&#xF3;bal - Mariano - Andr&#xE9;s y Miguel T&#xFA;pac Amaru. -Pugnas entre etnias y jefes de la rebeli&#xF3;n. -Campa&#xF1;a del Collao del general Del Valle (Abril - mayo de 1781). -Sitio a la ciudad de Puno y &#xE9;xodo del general Del Valle a Cusco. -Los cataristas del Alto Per&#xFA; y cerco a la ciudad de La Paz. -Proceso de la amnistia Lampa - Sicuani. Consecuencias. -Muerte de Pedro Vilcapaza - captura y muerte Diego Crist&#xF3;bal - Destierro de los T&#xFA;pac Amaru. -Suplicio de Diego Crist&#xF3;bal T&#xFA;pac Amaru: 19 de julio de 1783. -Via crucis de los tupamaritas desterrados de cusco a Lima (06 de octubre de 1783). -Focos rebelde que apoyaron la rebeli&#xF3;n de T&#xFA;pac Amaru. -Juan Bautista T&#xFA;pac Amaru (Condorcanqui Monjarr&#xE1;s). -Traves&#xED;a mar&#xED;tima de los desterrados a Espa&#xF1;a.</subfield>
  </datafield>
  <datafield tag="526" ind1=" " ind2=" ">
    <subfield code="a">P136</subfield>
  </datafield>
  <datafield tag="526" ind1=" " ind2=" ">
    <subfield code="a">P135</subfield>
  </datafield>
  <datafield tag="526" ind1=" " ind2=" ">
    <subfield code="a">P134</subfield>
  </datafield>
  <datafield tag="526" ind1=" " ind2=" ">
    <subfield code="a">P133</subfield>
  </datafield>
  <datafield tag="526" ind1=" " ind2=" ">
    <subfield code="a">P144</subfield>
  </datafield>
  <datafield tag="526" ind1=" " ind2=" ">
    <subfield code="a">P143</subfield>
  </datafield>
  <datafield tag="526" ind1=" " ind2=" ">
    <subfield code="a">P87</subfield>
  </datafield>
  <datafield tag="526" ind1=" " ind2=" ">
    <subfield code="a">P35</subfield>
  </datafield>
  <datafield tag="526" ind1=" " ind2=" ">
    <subfield code="a">P20</subfield>
  </datafield>
  <datafield tag="526" ind1=" " ind2=" ">
    <subfield code="a">P14</subfield>
  </datafield>
  <datafield tag="526" ind1=" " ind2=" ">
    <subfield code="a">P10</subfield>
  </datafield>
  <datafield tag="526" ind1=" " ind2=" ">
    <subfield code="a">P06</subfield>
  </datafield>
  <datafield tag="600" ind1="0" ind2="4">
    <subfield code="a">Tupac-Amaru, Jos&#xE9; Gabriel,</subfield>
    <subfield code="d">1742-1781.</subfield>
  </datafield>
  <datafield tag="651" ind1=" " ind2="4">
    <subfield code="a">Per&#xFA;</subfield>
    <subfield code="x">Historia</subfield>
    <subfield code="y">Insurrecci&#xF3;n de Tupac Amaru, 1780-1781.</subfield>
  </datafield>
  <datafield tag="650" ind1="0" ind2="4">
    <subfield code="a">Ind&#xED;genas</subfield>
    <subfield code="x">Familia</subfield>
    <subfield code="y">Siglo XVIII.</subfield>
  </datafield>
  <datafield tag="598" ind1=" " ind2=" ">
    <subfield code="a">CATALOGING</subfield>
  </datafield>
  <datafield tag="596" ind1=" " ind2=" ">
    <subfield code="a">1</subfield>
  </datafield>
  <datafield tag="942" ind1=" " ind2=" ">
    <subfield code="2">ddc</subfield>
    <subfield code="c">BOOK</subfield>
  </datafield>
  <datafield tag="949" ind1=" " ind2=" ">
    <subfield code="a">985.033 H44</subfield>
    <subfield code="w">DEWEY</subfield>
    <subfield code="c">1</subfield>
    <subfield code="i">70912</subfield>
    <subfield code="m">BC </subfield>
    <subfield code="p">10.00</subfield>
    <subfield code="r">0</subfield>
    <subfield code="s">Y</subfield>
    <subfield code="t">LIBRO</subfield>
    <subfield code="u">2021-04-20</subfield>
    <subfield code="x">FACIHED</subfield>
    <subfield code="z">Educaci&#xF3;n primaria</subfield>
    <subfield code="o">STAFF. Colecci&#xF3;n General</subfield>
  </datafield>
  <datafield tag="999" ind1=" " ind2=" ">
    <subfield code="a">985.033 H44</subfield>
    <subfield code="w">DEWEY</subfield>
    <subfield code="c">32098</subfield>
    <subfield code="i">70912</subfield>
    <subfield code="f">2022-6-9</subfield>
    <subfield code="g">1</subfield>
    <subfield code="l">CCODEBUL1</subfield>
    <subfield code="m">BUL</subfield>
    <subfield code="p">10.00</subfield>
    <subfield code="r">0</subfield>
    <subfield code="s">Y</subfield>
    <subfield code="t">BOOK</subfield>
    <subfield code="u">2021-9-22</subfield>
    <subfield code="x">EDUCACION</subfield>
    <subfield code="P">P20</subfield>
    <subfield code="0">UNKNOWN</subfield>
    <subfield code="d">32098</subfield>
  </datafield>
  <datafield tag="264" ind1=" " ind2=" ">
    <subfield code="a">Cuzco :</subfield>
    <subfield code="b">Universidad Andina del Cusco,</subfield>
    <subfield code="c">2018.</subfield>
  </datafield>
  <datafield tag="980" ind1=" " ind2=" ">
    <subfield code="8">1</subfield>
    <subfield code="g">ALBERTO SANCHEZ Responsable de Automatizaci&#xF3;n</subfield>
  </datafield>
  <datafield tag="952" ind1=" " ind2=" ">
    <subfield code="r">2025-12-03 00:00:00</subfield>
    <subfield code="i">2</subfield>
    <subfield code="l">0</subfield>
    <subfield code="o">985.033 H44</subfield>
    <subfield code="p">70912</subfield>
    <subfield code="t">e1</subfield>
    <subfield code="v">15.00</subfield>
    <subfield code="w">2021-09-22</subfield>
    <subfield code="x">FACIHED</subfield>
    <subfield code="y">BK</subfield>
    <subfield code="z">inventario-2023-12-13</subfield>
    <subfield code="1">0</subfield>
    <subfield code="2">ddc</subfield>
    <subfield code="5">0</subfield>
    <subfield code="7">0</subfield>
    <subfield code="8">GEN</subfield>
    <subfield code="f">P20</subfield>
    <subfield code="a">BUL</subfield>
    <subfield code="b">BUL</subfield>
    <subfield code="c">GEN</subfield>
    <subfield code="d">2021-09-22</subfield>
    <subfield code="e">UNKNOWN</subfield>
    <subfield code="g">10.00</subfield>
  </datafield>
</record>
